| 000 | nam a22 7a 4500 | ||
|---|---|---|---|
| 999 |
_c126220 _d126220 |
||
| 005 | 20170223153116.0 | ||
| 008 | 170223b xxu||||| |||| 00| 0 eng d | ||
| 050 | _aLA1591.M271 | ||
| 100 |
_aMandaza, Ibbo _923206 |
||
| 245 |
_aEducation in Zimbabwe _ba brief analysis of the historical and ideological bases of colonial education. its consequences and the outline of the transformative process in the context of the national liberation struggle _cby Mandaza, Ibbo |
||
| 260 |
_aGeneva _bMandaza, Ibbo _c1979 |
||
| 300 |
_a133p.; _c30cm. |
||
| 500 | _aphotocopy | ||
| 650 |
_aZimbabwe _xEducation _929050 |
||
| 942 |
_2lcc _cMONOGRAPH |
||